| 000 | 01091nam a22002777a 4500 | ||
|---|---|---|---|
| 005 | 20240530110908.0 | ||
| 008 | 220303s2007 ua g 000 0 ara d | ||
| 017 |
_a2006/24761 _bمصر. دار الكتب |
||
| 020 | _a9770919373 | ||
| 040 |
_aEG-CaGPL _cEG-CaGPL |
||
| 082 | 0 | 4 |
_221 _a320.51/ _bإ ح |
| 100 | 1 | _aإدواردز، دافيد | |
| 245 | 1 | 2 |
_aحراس السلطة : _bاسطورة الميديا وسائل الاعلام الليبرالية / _cدافيد ادواردز، دافيد كرومويل ؛ ترجمة امال كيلانى |
| 250 | _aط.1 | ||
| 260 |
_aالقاهرة : _bمكتبة الشروق الدولية، _c2007. |
||
| 300 |
_a146 ص. ؛ _c24 سم. |
||
| 650 | 0 | 7 |
_2qrmak _aالليبرالية |
| 650 | 0 | 7 |
_2qrmak _aالراديكالية |
| 650 | 0 | 7 |
_2qrmak _aالمذاهي السياسية |
| 650 | 0 | 7 |
_2qrmak _aوسائل الاعلام |
| 651 | _2qrmak | ||
| 700 | 1 |
_aكرومويل، دافيد _eمؤلف مشارك |
|
| 700 | 0 |
_aامال كيلانى _eمترجم |
|
| 942 |
_2ddc _cBK |
||
| 999 |
_c66260 _d66260 |
||